| 000 | 01033nam a2200217Ia 4500 | ||
|---|---|---|---|
| 003 | Ost | ||
| 005 | 20260507075127.0 | ||
| 008 | 260507s9999||||xx |||||||||||||| ||und|| | ||
| 040 | _cfsecg | ||
| 041 | _aara | ||
| 082 | _a330 | ||
| 100 |
_aفلاح المطارنة، غسان _eمؤلف |
||
| 245 | 0 |
_aتدقيق الحسابات المعاصر : _bالناحية النظرية / _c غسان فلاح المطارنة |
|
| 260 |
_aعمان: _bدار المسيرة, _c2006 |
||
| 300 |
_a328 صفحة؛ _bإيضاحات ؛ _c25 سم |
||
| 520 | _aمدخل إلى تدفق الحسابات-المعايير الهامة للتدفق-أداب وسلوك مهنة التدفق-مدقق الحسابات-تقرير مدقق الحسابات-الأخطاء والإحتيال ومسؤولية المدقق عليها-أدلة وقرائن الإثبات-نظام الرقابة الداخلية | ||
| 653 | _aالحسابات | ||
| 653 | _aتدقيق الحسابات | ||
| 653 | _aمعايير التدقيق | ||
| 942 | _cكتاب | ||
| 999 |
_c43158 _d43158 |
||